Pays ayant une capitale en N-Z - Mort subite - Statistiques

Statistiques générales
  • Ce quiz a été pris 161 fois
  • Le résultat moyen est 10 sur 13
Answers on the Grid
Answers color-coded by a green-red scale on the quiz's grid according to % correct below.
France
Italie
Autriche
Suède
Norvège
Pologne
République Tchèque
Maroc
Tunisie
Canada
Etats-Unis
Chili
Nouvelle-Zélande
Allemagne
Espagne
Portugal
Luxembourg
Finlande
Roumanie
Sénégal
Australie
Egypte
Nigeria
Maldives
Vietnam
Malaisie
 
Statistiques - réponses
Réponse % Correct
Etats-Unis
81%
France
79%
Italie
78%
Pologne
78%
Tunisie
78%
Canada
74%
Maroc
74%
Suède
74%
Autriche
73%
Norvège
69%
Nouvelle-Zélande
68%
République Tchèque
68%
Chili
65%
Aucun quiz correspondant
Distribution des résultats
% des personnes avec chaque résultat
Percentile par nombre de réponses
Votre historique - résultats
Vous n’avez pas pris ce quiz